All Countries by FIFA Ranking - Statistics

General Stats
  • This quiz has been taken 186 times
  • The average score is 53 of 188
Answers on the Map
Answers color-coded by a green-red scale on the quiz's map according to % correct below.
 
Answer Stats
Ranking Country % Correct
1 Belgium
96%
2 Brazil
94%
3 France
94%
4 England (best UK team)
92%
6 Argentina
90%
8 Portugal
90%
7 Spain
90%
5 Italy
88%
9 Mexico
87%
10 United States
85%
12 Netherlands
81%
15 Colombia
79%
13 Uruguay
79%
18 Croatia
73%
11 Denmark
73%
16 Germany
73%
17 Sweden
73%
14 Switzerland
73%
24 Japan
69%
22 Peru
67%
23 Austria
65%
20 Chile
65%
27 Poland
65%
26 Iran
63%
21 Senegal
60%
29 Serbia
60%
31 Czech Republic
58%
36 South Korea
58%
25 Ukraine
58%
33 Paraguay
56%
40 Venezuela
56%
28 Tunisia
54%
30 Algeria
50%
37 Hungary
50%
32 Morocco
50%
34 Nigeria
50%
35 Australia
48%
44 Costa Rica
48%
55 Ecuador
48%
45 Romania
48%
41 Russia
48%
38 Slovakia
48%
59 Canada
46%
43 Norway
46%
39 Turkey
46%
48 Greece
44%
47 Ireland
44%
46 Egypt
42%
53 Iceland
42%
82 Bolivia
40%
56 Finland
40%
50 Jamaica
40%
42 Qatar
40%
58 Bosnia and Herzegovina
38%
61 Saudi Arabia
38%
75 Bulgaria
37%
54 Cameroon
37%
66 Slovenia
37%
52 Ghana
35%
63 Honduras
35%
57 Ivory Coast
33%
69 Albania
31%
89 Belarus
31%
71 China
31%
64 El Salvador
31%
67 Montenegro
31%
72 North Macedonia
31%
88 Armenia
29%
70 Iraq
29%
68 United Arab Emirates
29%
60 Mali
27%
119 New Zealand
27%
74 Panama
27%
209 San Marino
27%
99 Cyprus
25%
91 Georgia
25%
90 Haiti
25%
81 Israel
25%
96 Luxembourg
25%
110 Estonia
23%
136 Latvia
23%
134 Lithuania
23%
62 Burkina Faso
21%
156 Andorra
19%
112 Azerbaijan
19%
65 D. R. Congo
19%
115 Kosovo
19%
189 Liechtenstein
19%
175 Moldova
17%
111 North Korea
17%
79 Oman
17%
92 Vietnam
17%
94 Bahrain
15%
161 Fiji
15%
125 Guatemala
15%
105 India
15%
95 Jordan
15%
124 Kazakhstan
15%
98 Lebanon
15%
177 Malta
15%
73 South Africa
15%
80 Syria
15%
103 Trinidad and Tobago
15%
83 Uzbekistan
15%
86 Benin
13%
77 Cape Verde
13%
180 Cuba
13%
157 Dominican Republic
13%
76 Guinea
13%
101 Kyrgyzstan
13%
143 Nicaragua
13%
164 Papua New Guinea
13%
93 Rep. of the Congo
13%
138 Saint Kitts and Nevis
13%
193 Samoa
13%
141 Solomon Islands
13%
200 Tonga
13%
129 Antigua and Barbuda
12%
202 Bahamas
12%
169 Belize
12%
184 Dominica
12%
85 Gabon
12%
100 Mauritania
12%
176 Saint Lucia
12%
139 Suriname
12%
120 Thailand
12%
163 Vanuatu
12%
126 Angola
10%
137 Ethiopia
10%
167 Grenada
10%
173 Guyana
10%
97 Madagascar
10%
128 Philippines
10%
121 Sudan
10%
116 Tajikistan
10%
131 Togo
10%
84 Uganda
10%
87 Zambia
10%
162 Barbados
8%
123 Central African Republic
8%
133 Comoros
8%
132 Equatorial Guinea
8%
109 Guinea-Bissau
8%
104 Kenya
8%
142 Kuwait
8%
144 Lesotho
8%
150 Liberia
8%
122 Libya
8%
118 Malawi
8%
113 Mozambique
8%
107 Namibia
8%
117 Niger
8%
127 Rwanda
8%
106 Sierra Leone
8%
205 Sri Lanka
8%
172 St. Vincent and the Grenadines
8%
135 Tanzania
8%
130 Turkmenistan
8%
152 Yemen
8%
108 Zimbabwe
8%
149 Botswana
6%
190 Brunei
6%
140 Burundi
6%
195 East Timor
6%
204 Eritrea
6%
146 Eswatini
6%
174 Indonesia
6%
186 Laos
6%
154 Malaysia
6%
158 Maldives
6%
185 Mongolia
6%
145 Myanmar
6%
196 Somalia
6%
151 Taiwan
6%
153 Afghanistan
4%
188 Bangladesh
4%
187 Bhutan
4%
179 Cambodia
4%
181 Chad
4%
182 Djibouti
4%
148 Gambia
4%
170 Mauritius
4%
168 Nepal
4%
198 Pakistan
4%
191 São Tomé and Príncipe
4%
199 Seychelles
4%
160 Singapore
4%
165 South Sudan
4%
No matching quizzes found
Score Distribution
Percent of People with Each Score
Percentile by Number Answered
Your Score History
You have not taken this quiz